书目信息 |
| 题名: |
食品营养学
|
|
| 作者: | 刘志皋 主编 | |
| 分册: | ||
| 出版信息: | 北京 中国轻工业出版社 1991.04 |
|
| 页数: | 367页 | |
| 开本: | 20cm | |
| 丛书名: | ||
| 单 册: | ||
| 中图分类: | TS201.4 | |
| 科图分类: | ||
| 主题词: | 食品工业 | |
| 电子资源: | ||
| ISBN: | 7-5019-0949-0 | |
| 000 | 00540nam0 2200193 450 | |
| 001 | 0833376493 | |
| 005 | 20080109092505.06 | |
| 010 | @a7-5019-0949-0@dCNY8.35 | |
| 100 | @a20080109d1991 km y0chiy0120 ea | |
| 101 | 0 | @achi |
| 102 | @aCN@b110000 | |
| 200 | 1 | @a食品营养学@Ashi pin ying yang xue@f刘志皋主编@Fliu zhi gao zhu bian |
| 210 | @a北京@c中国轻工业出版社@d1991.04 | |
| 215 | @a367页@d20cm | |
| 606 | 0 | @a食品工业 |
| 690 | @aTS201.4@v4 | |
| 701 | 0 | @a刘志皋@Aliu zhi gao@4主编 |
| 801 | 0 | @aCN@bPFT@c20080109 |
| 905 | @aBZT@dTS201.4@e178 | |
| 食品营养学/刘志皋主编.-北京:中国轻工业出版社,1991.04 |
| 367页;20cm |
| ISBN 7-5019-0949-0:CNY8.35 |
| ● |
| 相关链接 |
|
|
|
正题名:食品营养学
索取号:TS201.4/178
 
预约/预借
| 序号 | 登录号 | 条形码 | 馆藏地/架位号 | 状态 | 备注 |
| 1 | 067365 | 200937825 | 中心书库中库/ 中库025架A面2列4层30/ [索取号:TS201.4/178] | 在馆 | |
| 2 | 067366 | 200937790 | 中心书库中库/ 中库025架A面2列4层33/ [索取号:TS201.4/178] | 在馆 | |
| 3 | 067367 | 200937763 | 中心书库中库/ 中库025架A面2列4层31/ [索取号:TS201.4/178] | 在馆 | |
| 4 | 067368 | 200937772 | 中心书库中库/ 中库025架A面2列4层32/ [索取号:TS201.4/178] | 在馆 | |
| 5 | 067369 | 200937834 | 中心书库中库/ 中库025架A面2列4层35/ [索取号:TS201.4/178] | 在馆 | |
| 6 | 068415 | 200937843 | 中心书库中库/ 中库025架A面2列4层29/ [索取号:TS201.4/178] | 在馆 | |
| 7 | 068416 | 200937816 | 中心书库中库/ 中库025架A面2列4层37/ [索取号:TS201.4/178] | 在馆 | |
| 8 | 068417 | 200937745 | 中心书库中库/ 中库025架A面2列4层34/ [索取号:TS201.4/178] | 在馆 | |
| 9 | 068418 | 200937807 | 中心书库中库/ 中库025架A面2列4层36/ [索取号:TS201.4/178] | 在馆 |